[Event "SR 4. liga A21 2013/2014"]
[Site "?"]
[Date "2014.01.26"]
[Round "7.4"]
[White "Blatnicky, Miroslav"]
[Black "Bjel, Lubos"]
[Result "1-0"]
[WhiteElo "2089"]
[BlackElo "1754"]
[PlyCount "59"]
[EventDate "2013.??.??"]

1. d4 e6 2. c4 d5 3. Nc3 Nf6 4. cxd5 exd5 5. Bg5 Be7 6. e3 O-O 7. Bd3 Re8 8.
Qc2 Nbd7 9. Nge2 c6 10. O-O Nf8 11. f3 h6 12. Bh4 Nh5 13. Bf2 Bg5 14. e4 Be6
15. Rae1 Nf4 16. Nxf4 Bxf4 17. e5 Qg5 18. h4 Qh5 19. Ne2 g5 20. g4 Bxg4 21.
Nxf4 gxf4 22. fxg4 Qxg4+ 23. Kh2 Kh8 24. Rg1 Qh5 25. Qb3 Rab8 26. Be2 Qf5 27.
Qf3 Ng6 28. Bd3 Qe6 29. h5 Ne7 30. Qxf4 1-0

[Event "SR 4. liga A21 2013/2014"]
[Site "?"]
[Date "2014.01.26"]
[Round "7.4"]
[White "Lajda, Dusan"]
[Black "Krchnak, Rudolf"]
[Result "1/2-1/2"]
[WhiteElo "1863"]
[BlackElo "1821"]
[PlyCount "98"]
[EventDate "2013.??.??"]

1. e4 c5 2. Nf3 d6 3. d4 cxd4 4. Nxd4 Nf6 5. Nc3 a6 6. Be3 e5 7. Nb3 Be6 8. Nd5
Nxd5 9. exd5 Bf5 10. Qd2 Be7 11. Na5 Qc7 12. Qb4 Nd7 13. c4 O-O 14. Rc1 Nc5 15.
Bxc5 dxc5 16. Qa3 Bd6 17. Be2 e4 18. h3 Rab8 19. O-O Qe7 20. Qe3 Qc7 21. Qa3
Qe7 22. Qe3 Qe5 23. Qg3 Qf6 24. Qa3 Qh4 25. Rcd1 Rfe8 26. Qe3 b6 27. Nc6 Rb7
28. Rfe1 Bf4 29. g3 Bxe3 30. gxh4 Bf4 31. Bg4 Bd7 32. Bxd7 Rxd7 33. f3 f5 34.
Kf2 Rd6 35. fxe4 fxe4 36. Rg1 Rf6 37. Ke2 Ref8 38. Rdf1 h5 39. Rf2 Kh7 40. Rfg2
Bh6 41. Ne5 Re8 42. Nc6 Rf3 43. Rg3 Ref8 44. Rxf3 Rxf3 45. Rd1 Rxh3 46. d6 Rh2+
47. Kf1 Rh1+ 48. Ke2 Rh2+ 49. Kf1 Rh1+ 1/2-1/2

[Event "SR 4. liga A21 2013/2014"]
[Site "?"]
[Date "2014.01.26"]
[Round "7.4"]
[White "Smrek, Peter"]
[Black "Tomasovic, Martin"]
[Result "1-0"]
[WhiteElo "1811"]
[BlackElo "1715"]
[PlyCount "61"]
[EventDate "2013.??.??"]

1. e4 e5 2. f4 Nc6 3. Nf3 Nf6 4. fxe5 Nxe4 5. d3 Nc5 6. d4 Ne4 7. Bd3 d5 8. O-O
Bg4 9. c3 Be7 10. Qc2 f6 11. Bxe4 dxe4 12. Qxe4 Bxf3 13. Rxf3 Qd7 14. e6 Qd8
15. Rh3 Qd6 16. Bf4 Ne5 17. dxe5 Qd1+ 18. Kf2 O-O-O 19. Qe2 Bc5+ 20. Be3 Bxe3+
21. Rxe3 Qxe2+ 22. Kxe2 fxe5 23. e7 Rd7 24. Rxe5 Re8 25. Nd2 Rdxe7 26. Rxe7
Rxe7+ 27. Kf3 g5 28. g4 Kd7 29. Ne4 Rf7+ 30. Kg3 Rf4 31. Nxg5 1-0

[Event "SR 4. liga A21 2013/2014"]
[Site "?"]
[Date "2014.01.26"]
[Round "7.4"]
[White "Babis, Jozef"]
[Black "Kosiarcik, Maximilian"]
[Result "0-1"]
[WhiteElo "1512"]
[BlackElo "1239"]
[PlyCount "110"]
[EventDate "2013.??.??"]

1. e4 e5 2. Bc4 Nf6 3. Nc3 Bc5 4. h3 Nc6 5. Nf3 O-O 6. O-O d6 7. a3 Be6 8. Bxe6
fxe6 9. b4 Bd4 10. Nxd4 exd4 11. Ne2 Nxe4 12. b5 Na5 13. Nxd4 Qf6 14. c3 Nc5
15. Qe2 e5 16. Nc2 Qg6 17. d4 exd4 18. Nxd4 Rae8 19. Qa2+ Qf7 20. Qxf7+ Rxf7
21. Be3 Nc4 22. Rfe1 Rfe7 23. Re2 Nxe3 24. fxe3 Rxe3 25. Rae1 Rxe2 26. Rxe2
Rxe2 27. Nxe2 a6 28. c4 Kf7 29. Kf2 Nd3+ 30. Ke3 Ne1 31. Kf2 Nc2 32. a4 Na3 33.
bxa6 bxa6 34. c5 dxc5 35. Kf3 Nc4 36. Ke4 c6 37. Nc3 Ke6 38. Kd3 Nd6 39. Ke3
Ke5 40. g3 Nf5+ 41. Kf3 Kd4 42. Ne2+ Kc4 43. Ke4 Nd6+ 44. Ke5 Nf7+ 45. Ke6 Ng5+
46. Kd6 Nxh3 47. Kxc6 Kb4 48. a5 Kxa5 49. Kxc5 Nf2 50. Kc4 Kb6 51. Nf4 Ne4 52.
g4 h6 53. Ne6 g5 54. Nd8 Nf6 55. Nf7 Nxg4 0-1

[Event "SR 4. liga A21 2013/2014"]
[Site "?"]
[Date "2014.01.26"]
[Round "7.5"]
[White "Lanik, Miroslav"]
[Black "Diviak, Rastislav"]
[Result "1/2-1/2"]
[WhiteElo "1925"]
[BlackElo "1998"]
[PlyCount "44"]
[EventDate "2013.??.??"]

1. e4 d6 2. d4 Nf6 3. Nc3 g6 4. Be3 Bg7 5. Qd2 c6 6. Bh6 Bxh6 7. Qxh6 Qa5 8.
Bd3 c5 9. Nge2 cxd4 10. Nxd4 Nc6 11. Nb3 Qb6 12. f3 Be6 13. O-O-O O-O-O 14.
Rhe1 Kb8 15. Kb1 Rc8 16. Qe3 Qxe3 17. Rxe3 Rhd8 18. h3 Ne5 19. Nd4 Bc4 20. Bxc4
Nxc4 21. Red3 Ne5 22. R3d2 Nc4 1/2-1/2

[Event "SR 4. liga A21 2013/2014"]
[Site "?"]
[Date "2014.01.26"]
[Round "7.5"]
[White "Pipiska, Adam"]
[Black "Palka, Miroslav"]
[Result "1-0"]
[WhiteElo "1737"]
[BlackElo "1924"]
[PlyCount "115"]
[EventDate "2013.??.??"]

1. e4 c5 2. Nf3 d6 3. d4 cxd4 4. Nxd4 Nf6 5. Nc3 g6 6. Bc4 Bg7 7. O-O O-O 8.
Bg5 Nc6 9. Nxc6 bxc6 10. Qd2 Re8 11. Bh6 Bh8 12. Rad1 Qc7 13. h3 Bb7 14. f4
Rad8 15. f5 d5 16. exd5 cxd5 17. Bd3 Ne4 18. Bxe4 dxe4 19. fxg6 hxg6 20. Qf2
Qb6 21. Be3 Qe6 22. Bd4 a6 23. Bxh8 e3 24. Qh4 g5 25. Qxg5+ Kxh8 26. Qh5+ Kg7
27. Rf4 Rxd1+ 28. Nxd1 Rg8 29. Qg4+ Qxg4 30. Rxg4+ Kh7 31. Nxe3 Rd8 32. Rb4 Rd7
33. c3 e6 34. Rd4 Rc7 35. Ng4 f5 36. Nf6+ Kg6 37. Rd7 Rc6 38. Rxb7 Kxf6 39. Rd7
e5 40. Kf2 Ke6 41. Rh7 Kd5 42. h4 Ke4 43. Rd7 f4 44. Rd1 Rh6 45. Re1+ Kf5 46.
Rh1 e4 47. Rh3 Rd6 48. h5 Rd2+ 49. Kf1 Rxb2 50. h6 Rb8 51. h7 Rh8 52. c4 Ke5
53. c5 Kd4 54. c6 e3 55. Ke2 Ke4 56. c7 a5 57. a4 Kd4 58. c8=Q 1-0

[Event "SR 4. liga A21 2013/2014"]
[Site "?"]
[Date "2014.01.26"]
[Round "7.5"]
[White "Kubik, Peter"]
[Black "Ocko, Martin"]
[Result "1/2-1/2"]
[WhiteElo "1771"]
[BlackElo "1736"]
[PlyCount "52"]
[EventDate "2013.??.??"]

1. b3 e5 2. Bb2 Nc6 3. e3 Nf6 4. Nf3 e4 5. Nd4 Nxd4 6. Bxd4 Be7 7. Be2 O-O 8.
O-O d5 9. c4 c5 10. Bb2 d4 11. exd4 cxd4 12. d3 e3 13. fxe3 dxe3 14. Rf3 Ng4
15. Rg3 Bf6 16. Qc2 Bh4 17. Rxg4 Bxg4 18. Bxg4 Bf2+ 19. Kh1 Qh4 20. Be2 Bg1 21.
h3 Bf2 22. Nc3 f5 23. Nd5 f4 24. Bf3 Rae8 25. Nc3 Kh8 26. Ne4 Bg3 1/2-1/2

[Event "SR 4. liga A21 2013/2014"]
[Site "?"]
[Date "2014.01.26"]
[Round "7.5"]
[White "Diviak, Rudolf"]
[Black "Tokos, Rastislav"]
[Result "1-0"]
[WhiteElo "1797"]
[BlackElo "1846"]
[PlyCount "85"]
[EventDate "2013.??.??"]

1. e4 e5 2. Nf3 Nc6 3. Bc4 h6 4. d4 exd4 5. Nxd4 Bc5 6. Bxf7+ Kxf7 7. Qh5+ Kf8
8. Qxc5+ Qe7 9. Qxe7+ Kxe7 10. Nb5 Kd8 11. Bf4 d6 12. N1c3 a6 13. Nxc7 Kxc7 14.
O-O-O Ne5 15. Nd5+ Kc6 16. Bxe5 dxe5 17. Rd3 b5 18. Rc3+ Kb7 19. Rc7+ Kb8 20.
Rxg7 Ra7 21. Rg6 Ne7 22. Rb6+ Ka8 23. Nb4 a5 24. Nd3 Rb7 25. Ra6+ Ra7 26. Rxa7+
Kxa7 27. Nxe5 Bb7 28. f3 Rg8 29. g3 h5 30. Rd1 Rf8 31. Rd7 Ng8 32. Kd2 h4 33.
Ke3 Nf6 34. Rf7 Rxf7 35. Nxf7 Kb6 36. Kd4 Nd7 37. g4 Nf6 38. g5 Nh5 39. Ke5 Kc5
40. g6 Bc8 41. f4 Bd7 42. f5 Be8 43. Nd6 1-0

[Event "SR 4. liga A21 2013/2014"]
[Site "?"]
[Date "2014.01.26"]
[Round "7.5"]
[White "Huska, Branislav"]
[Black "Buran, Andrej ml"]
[Result "0-1"]
[WhiteElo "1575"]
[BlackElo "1392"]
[PlyCount "86"]
[EventDate "2013.??.??"]

1. e4 e5 2. Nf3 Nc6 3. Bb5 Bc5 4. c3 d6 5. d4 exd4 6. cxd4 Bb4+ 7. Bd2 Bxd2+ 8.
Qxd2 Bd7 9. Nc3 Nge7 10. O-O O-O 11. h3 f5 12. Bc4+ Kh8 13. Ng5 Qe8 14. exf5
Nxf5 15. Nd5 Rc8 16. Nf3 Qg6 17. Bd3 Qh5 18. Nf4 Qh6 19. d5 Ne5 20. Be4 Nxf3+
21. Bxf3 Nh4 22. Bg4 Bxg4 23. hxg4 Qxf4 24. Qxf4 Rxf4 25. f3 Ng6 26. Rad1 Re8
27. Rfe1 Rxe1+ 28. Rxe1 Ne5 29. Re3 Kg8 30. b3 Kf7 31. Kf2 Rd4 32. Rc3 c6 33.
dxc6 Nxc6 34. Ke3 Rd1 35. Rc2 Ke6 36. Ke2 Rd4 37. Ke3 Ke5 38. g3 Rd5 39. f4+
Ke6 40. b4 Nxb4 41. Rc7 Rd3+ 42. Ke2 Rxg3 43. Rxb7 Nxa2 0-1

[Event "SR 4. liga A21 2013/2014"]
[Site "?"]
[Date "2014.01.26"]
[Round "7.6"]
[White "Kovarik, Oto"]
[Black "Berger, Patrik"]
[Result "1-0"]
[WhiteElo "1925"]
[BlackElo "1924"]
[PlyCount "113"]
[EventDate "2013.??.??"]

1. e4 c5 2. Nf3 d6 3. d4 cxd4 4. Nxd4 Nf6 5. Nc3 a6 6. Be2 e5 7. Nb3 Be6 8. Bg5
Nbd7 9. Nd5 Bxd5 10. exd5 Be7 11. O-O Qc7 12. Be3 O-O 13. c4 Ne4 14. Nd2 Nxd2
15. Qxd2 f5 16. f4 Nc5 17. Rac1 Ne4 18. Qd1 exf4 19. Bd4 Rae8 20. b4 Bf6 21.
Bf3 Qd7 22. a3 g5 23. Bxf6 Rxf6 24. c5 Rd8 25. c6 bxc6 26. Rxc6 Qa7+ 27. Kh1
Nf2+ 28. Rxf2 Qxf2 29. Rc2 Qe3 30. Qa1 Qe5 31. Qf1 g4 32. Be2 Re8 33. Bxa6 f3
34. gxf3 Qe1 35. Qxe1 Rxe1+ 36. Kg2 Ra1 37. Rc3 Ra2+ 38. Kg3 f4+ 39. Kxg4 Kg7
40. Bf1 Rxh2 41. Rc7+ Kg8 42. b5 Rh1 43. Bd3 Rg1+ 44. Kh5 Ra1 45. b6 Rxa3 46.
b7 Rb3 47. Bxh7+ Kh8 48. Kg5 Rf8 49. Bf5 Rb4 50. Kg6 Rg8+ 51. Kf6 Rf8+ 52. Ke6
Rb6 53. Bg6 Kg8 54. Bf7+ Kg7 55. Be8+ Kh6 56. Bc6 Rb8 57. Kxd6 1-0

[Event "SR 4. liga A21 2013/2014"]
[Site "?"]
[Date "2014.01.26"]
[Round "7.6"]
[White "Vepy, Ivan"]
[Black "Cerovsky, Marian"]
[Result "0-1"]
[WhiteElo "1926"]
[BlackElo "1832"]
[PlyCount "70"]
[EventDate "2013.??.??"]

1. e4 e5 2. Bc4 Bc5 3. Nc3 Nf6 4. d3 h6 5. Be3 Bxe3 6. fxe3 d6 7. h3 c6 8. Nf3
a5 9. a4 Qb6 10. Qd2 Be6 11. Ba2 Bxa2 12. Rxa2 Nbd7 13. O-O O-O 14. Nh4 Kh7 15.
Raa1 d5 16. exd5 cxd5 17. Kh1 g6 18. Rf2 d4 19. exd4 exd4 20. Nb5 Nh5 21. Nf3
Ng3+ 22. Kg1 Nf5 23. Qf4 Rad8 24. Re1 Nc5 25. b3 Ne6 26. Qe5 Rc8 27. Qf6 Qd8
28. Qe5 Rc5 29. Qe4 Qd5 30. g4 Nd6 31. Nxd6 Qxd6 32. Ne5 Ng5 33. Qg2 Rxe5 34.
Ref1 Re3 35. Rf6 Qc7 0-1

[Event "SR 4. liga A21 2013/2014"]
[Site "?"]
[Date "2014.01.26"]
[Round "7.6"]
[White "Dubecky, Ladislav"]
[Black "Jarabek, Milan"]
[Result "1/2-1/2"]
[WhiteElo "1675"]
[BlackElo "1744"]
[PlyCount "67"]
[EventDate "2013.??.??"]

1. e4 d6 2. f4 c5 3. Nf3 Nc6 4. Bc4 Nf6 5. Nc3 e6 6. O-O a6 7. a4 Be7 8. d3 O-O
9. Bd2 d5 10. Ba2 Nb4 11. Bb1 dxe4 12. dxe4 b6 13. e5 Nfd5 14. Nxd5 Nxd5 15. c4
Nb4 16. Bxb4 Qxd1 17. Rxd1 cxb4 18. Be4 Ra7 19. b3 Rd7 20. Bc6 Rxd1+ 21. Rxd1
Rd8 22. Rxd8+ Bxd8 23. Ne1 f6 24. Nd3 Be7 25. Kf1 Bc5 26. Ke2 Kf7 27. h3 a5 28.
Kf3 Ke7 29. g4 Bd7 30. Bb7 Be8 31. Be4 h6 32. h4 Bd4 33. h5 Bc5 34. Kg3 1/2-1/2

[Event "SR 4. liga A21 2013/2014"]
[Site "?"]
[Date "2014.01.26"]
[Round "7.6"]
[White "Antalek, Rudolf"]
[Black "Blanarik, Dominik"]
[Result "0-1"]
[WhiteElo "1533"]
[BlackElo "1540"]
[PlyCount "128"]
[EventDate "2013.??.??"]

1. e4 e6 2. d4 c6 3. Nc3 Bb4 4. Bd2 d5 5. e5 Ne7 6. Bd3 Nf5 7. Qg4 g6 8. Nge2
Nd7 9. O-O Nb6 10. Bg5 Be7 11. Bd2 h5 12. Qh3 Nc4 13. Bxc4 dxc4 14. Be3 g5 15.
Qf3 Rg8 16. Qxh5 g4 17. Ne4 b6 18. f4 Nxe3 19. Qh7 Kd7 20. Qxf7 Rf8 21. Qg7 Bb7
22. Rfd1 Kc8 23. Rd2 Qe8 24. Qh6 Qf7 25. N2c3 Kc7 26. Re1 Rh8 27. Ng5 Bxg5 28.
Qxg5 Rag8 29. Qf6 Qxf6 30. exf6 Nd5 31. Rxe6 Nxf4 32. Re7+ Kc8 33. Rf2 Ng6 34.
Re6 Re8 35. Rxe8+ Rxe8 36. f7 Re1+ 37. Rf1 Rxf1+ 38. Kxf1 Kd8 39. Ne4 Ke7 40.
Kf2 Kf8 41. Kg3 Bc8 42. Nd6 Be6 43. c3 Ne7 44. Kf4 Nd5+ 45. Ke5 Bxf7 46. Nxc4
Nxc3 47. Nxb6 axb6 48. bxc3 Ke7 49. a3 Bd5 50. g3 Kd7 51. Kf4 Be6 52. Ke5 b5
53. Kf4 Kd6 54. Ke4 Bd7 55. Ke3 Kd5 56. Kd3 Bf5+ 57. Ke3 Kc4 58. Kf4 Bd7 59.
Ke5 Kxc3 60. Kd6 Be8 61. Ke7 Kxd4 62. Kxe8 c5 63. Kf7 Ke4 64. Kf6 c4 0-1

[Event "SR 4. liga A21 2013/2014"]
[Site "?"]
[Date "2014.01.26"]
[Round "7.6"]
[White "Pisecky, Jan"]
[Black "Harasta, Marian"]
[Result "0-1"]
[WhiteElo "1501"]
[BlackElo "1619"]
[PlyCount "62"]
[EventDate "2013.??.??"]

1. e4 c5 2. Bc4 Nc6 3. Qh5 g6 4. Qxc5 d6 5. Qe3 Bh6 6. Qc3 Nf6 7. Ne2 O-O 8. f3
Qb6 9. Qb3 Qc7 10. Na3 Na5 11. Qd3 Qc5 12. c3 Nc6 13. b4 Qb6 14. Qc2 a5 15. b5
Ne5 16. Nd4 Bd7 17. d3 Bxc1 18. Qxc1 Nxc4 19. Nxc4 Qc5 20. a4 e5 21. Nb3 Qc7
22. Qe3 Be6 23. Nbd2 Rfe8 24. Qb6 Qc8 25. Rc1 Rd8 26. O-O Nd7 27. Qxd6 Nc5 28.
Qxe5 Nxd3 29. Nb6 Nxe5 30. Nxc8 Raxc8 31. Rf2 Nd3 0-1

[Event "SR 4. liga A21 2013/2014"]
[Site "?"]
[Date "2014.02.09"]
[Round "8.1"]
[White "Podjavorinsky, Michal"]
[Black "Berger, Patrik"]
[Result "0-1"]
[WhiteElo "1719"]
[BlackElo "1924"]
[PlyCount "124"]
[EventDate "2013.??.??"]

1. e4 c5 2. d3 Nc6 3. f4 d6 4. Nf3 g6 5. g3 Bg7 6. Bg2 Nf6 7. O-O O-O 8. c3 Rb8
9. Be3 b5 10. d4 Ng4 11. Bf2 Nxf2 12. Rxf2 b4 13. e5 bxc3 14. bxc3 dxe5 15. d5
exf4 16. gxf4 Bg4 17. Qd2 Bxf3 18. Bxf3 Na5 19. Na3 Qd6 20. Re1 c4 21. Nb1 Rb7
22. Qe3 Rd7 23. Bg2 Bf6 24. Ref1 e6 25. dxe6 Qxe6 26. Qxe6 fxe6 27. Re2 Kf7 28.
Re4 Re8 29. Na3 Bxc3 30. Nxc4 Nxc4 31. Rxc4 Bd4+ 32. Kh1 Red8 33. Bh3 Bb6 34.
Re4 Re7 35. Rfe1 Rd6 36. f5 gxf5 37. Bxf5 Kf6 38. Bh3 e5 39. Rf1+ Kg7 40. Rfe1
Bd4 41. Bf1 Rc7 42. Bb5 Rf6 43. R4e2 Rf4 44. h3 Rc3 45. Rg2+ Kf6 46. Kh2 Ke6
47. Rg4 Rf2+ 48. Rg2 Rff3 49. Kh1 Rxh3+ 50. Rh2 Rxh2+ 51. Kxh2 h5 52. a4 Kf5
53. Bd7+ Kf4 54. Rf1+ Rf3 55. Re1 e4 56. Bc6 Rf2+ 57. Kh3 e3 58. Bb5 Bc3 59.
Re2 Kf3 60. Rxf2+ Kxf2 61. Kh4 e2 62. Bxe2 Kxe2 0-1

[Event "SR 4. liga A21 2013/2014"]
[Site "?"]
[Date "2014.02.09"]
[Round "8.1"]
[White "Vepy, Ivan"]
[Black "Miciak, Emanuel"]
[Result "0-1"]
[WhiteElo "1926"]
[BlackElo "1896"]
[PlyCount "108"]
[EventDate "2013.??.??"]

1. e4 e5 2. Bc4 Bc5 3. Nc3 Nf6 4. d3 h6 5. h3 a6 6. a3 Nc6 7. Nge2 d6 8. O-O
Be6 9. Nd5 Bxd5 10. exd5 Ne7 11. b4 Ba7 12. Ng3 O-O 13. Qf3 b5 14. Bb3 Ng6 15.
Nf5 Kh7 16. c4 Ng8 17. Bc2 N8e7 18. Be3 Nxf5 19. Qxf5 Bxe3 20. fxe3 Qc8 21. Qh5
Kg8 22. Rf3 Qd8 23. d4 exd4 24. exd4 Qh4 25. Bxg6 Qxd4+ 26. Kh2 fxg6 27. Rxf8+
Rxf8 28. Qd1 Qe5+ 29. Kh1 Rf2 30. cxb5 axb5 31. Rc1 Qb2 32. Rb1 Qe5 33. Qd3 Qf5
34. Qxf5 Rxf5 35. Rc1 Rf7 36. Rc6 Kf8 37. Ra6 Rf5 38. Rc6 Rf7 39. Kh2 Ke8 40.
Rc3 Kd7 41. Kg3 Rf5 42. Rd3 c6 43. dxc6+ Kxc6 44. Kh4 d5 45. g4 Rf4 46. Kg3 g5
47. h4 d4 48. hxg5 hxg5 49. Rd1 Kd5 50. Rc1 Ke4 51. Rc5 d3 52. Rxg5 d2 53. Rxg7
Rf3+ 54. Kg2 Re3 0-1

[Event "SR 4. liga A21 2013/2014"]
[Site "?"]
[Date "2014.02.09"]
[Round "8.1"]
[White "Lanyi, Frantisek"]
[Black "Brisudova, Veronika"]
[Result "0-1"]
[WhiteElo "1695"]
[BlackElo "1896"]
[PlyCount "96"]
[EventDate "2013.??.??"]

1. e4 c5 2. Nf3 Nc6 3. Nc3 a6 4. d4 cxd4 5. Nxd4 e6 6. a3 Nf6 7. Be3 Be7 8.
Nxc6 bxc6 9. e5 Nd5 10. Nxd5 cxd5 11. Qg4 g6 12. Bh6 Qc7 13. Bg7 Rg8 14. Bf6
Bxf6 15. exf6 Qe5+ 16. Be2 Qxf6 17. c3 Rb8 18. Rb1 Qf5 19. Qxf5 gxf5 20. g3 Bb7
21. O-O f4 22. Rfd1 fxg3 23. fxg3 Ke7 24. Bf3 Rg6 25. Rd2 Bc6 26. b4 Rc8 27.
Re1 Kf8 28. Be2 Bb5 29. Bd3 Bxd3 30. Rxd3 Rg4 31. a4 a5 32. Rb1 Rb8 33. Rd4
Rxd4 34. cxd4 axb4 35. a5 Ra8 36. Rxb4 Rxa5 37. h4 Ra2 38. Rb8+ Kg7 39. Rb7 Rd2
40. Rxd7 Rxd4 41. Kf2 Ra4 42. Ke3 Kg6 43. Kf3 Ra3+ 44. Kf4 h5 45. Rd8 f6 46.
Rg8+ Kf7 47. Rh8 e5+ 48. Kf5 Rf3# 0-1

[Event "SR 4. liga A21 2013/2014"]
[Site "?"]
[Date "2014.02.09"]
[Round "8.1"]
[White "Zlamal, Marek"]
[Black "Bajcar, Pavol"]
[Result "0-1"]
[WhiteElo "1638"]
[BlackElo "1745"]
[PlyCount "130"]
[EventDate "2013.??.??"]

1. e4 e6 2. d3 d5 3. Be2 Bc5 4. d4 Bb6 5. e5 c5 6. Nf3 cxd4 7. Nxd4 Ne7 8. O-O
Ng6 9. f4 Nc6 10. Bb5 Qc7 11. Kh1 Bd7 12. Nxc6 Bxc6 13. Nc3 a6 14. Bxc6+ Qxc6
15. Qd3 Ne7 16. Ne2 Rc8 17. c3 Qc4 18. Qxc4 Rxc4 19. b3 Rc6 20. Ba3 Bc5 21.
Bxc5 Rxc5 22. Rac1 O-O 23. Nd4 Rfc8 24. Rf3 b5 25. a3 Kf8 26. g4 Nc6 27. Rd1
Nxd4 28. cxd4 Rc2 29. Rdd3 Rc1+ 30. Kg2 R8c2+ 31. Rf2 Rc3 32. Rxc3 Rxc3 33. Rf3
Rc2+ 34. Rf2 Rc1 35. Rf3 Ke7 36. Rd3 a5 37. Kf3 Rc2 38. h4 g6 39. h5 Kd7 40.
hxg6 hxg6 41. Ke3 Ra2 42. a4 bxa4 43. bxa4 Rxa4 44. Rc3 Rb4 45. Kd3 a4 46. Rc5
Rb3+ 47. Rc3 Rb4 48. Rc5 a3 49. Rc2 Rb3+ 50. Kd2 Rf3 51. f5 gxf5 52. gxf5 Rf2+
53. Kd3 Rxc2 54. fxe6+ Kxe6 55. Kxc2 Kf5 56. Kb3 Ke4 57. Kxa3 Kxd4 58. Kb2 Kxe5
59. Kc2 f5 60. Kd3 d4 61. Ke2 Ke4 62. Kd2 f4 63. Ke2 d3+ 64. Kd1 Ke3 65. Ke1 f3
0-1

[Event "SR 4. liga A21 2013/2014"]
[Site "?"]
[Date "2014.02.09"]
[Round "8.1"]
[White "Podjavorinsky, Peter"]
[Black "Drabek, Martin"]
[Result "1-0"]
[WhiteElo "1707"]
[BlackElo "1456"]
[PlyCount "91"]
[EventDate "2013.??.??"]

1. e4 e5 2. Nf3 Nc6 3. Bc4 Nf6 4. Ng5 d5 5. exd5 Na5 6. Bb5+ Bd7 7. Qe2 Bd6 8.
b4 Nxd5 9. Nxf7 Kxf7 10. bxa5 c6 11. Bc4 Qxa5 12. Nc3 Be6 13. Ne4 Ke7 14. Nxd6
Kxd6 15. O-O Raf8 16. Bb2 Rf5 17. Rae1 Nf4 18. Qe4 Rg5 19. d4 Ng6 20. dxe5+ Ke7
21. Bxe6 Kxe6 22. f4 Rf5 23. Rd1 Rhf8 24. Rd6+ Ke7 25. Qc4 Ke8 26. Qe6+ Ne7 27.
Rd7 R8f7 28. Rxb7 Qd8 29. Ba3 g5 30. Bxe7 Rxe7 31. Rxe7+ Qxe7 32. Qxf5 gxf4 33.
Qc8+ Kf7 34. Rxf4+ Kg7 35. Qxc6 Qxe5 36. Qf6+ Qxf6 37. Rxf6 Kxf6 38. Kf2 Ke5
39. Ke3 Kd5 40. Kd3 Kc5 41. g4 Kd5 42. h4 Ke5 43. c4 Ke6 44. Kd4 Kd6 45. g5 Kc6
46. h5 1-0

[Event "SR 4. liga A21 2013/2014"]
[Site "?"]
[Date "2014.02.09"]
[Round "8.2"]
[White "Diviak, Rastislav"]
[Black "Kovarik, Oto"]
[Result "1/2-1/2"]
[WhiteElo "1998"]
[BlackElo "1925"]
[PlyCount "77"]
[EventDate "2013.??.??"]

1. e4 c5 2. Nf3 e6 3. d4 cxd4 4. Nxd4 Nc6 5. Nxc6 bxc6 6. Bd3 Nf6 7. O-O Qc7 8.
Be3 d5 9. Nc3 Be7 10. f4 O-O 11. e5 Ne8 12. Qh5 g6 13. Qh6 f5 14. Ne2 c5 15. c3
c4 16. Bc2 Bc5 17. Bxc5 Qxc5+ 18. Nd4 Nc7 19. g4 Nb5 20. Rad1 Rb8 21. gxf5 exf5
22. Kh1 Nxd4 23. cxd4 Qb6 24. b3 Ba6 25. Rf3 Qc6 26. Rg1 Rb7 27. Rfg3 Rg7 28.
Rg5 cxb3 29. Bxb3 Bd3 30. h4 Be4+ 31. Kh2 Qc3 32. h5 Qd2+ 33. R5g2 Bxg2 34.
Rxg2 Qxd4 35. hxg6 hxg6 36. Rxg6 Rff7 37. Rxg7+ Rxg7 38. Qe6+ Kh8 39. Qe8+
1/2-1/2

[Event "SR 4. liga A21 2013/2014"]
[Site "?"]
[Date "2014.02.09"]
[Round "8.2"]
[White "Cerovsky, Marian"]
[Black "Pipiska, Adam"]
[Result "1-0"]
[WhiteElo "1832"]
[BlackElo "1737"]
[PlyCount "89"]
[EventDate "2013.??.??"]

1. e4 e5 2. Nc3 Nc6 3. Nf3 Nf6 4. Bb5 d6 5. h3 a6 6. Ba4 Be7 7. d3 Be6 8. Ng5
O-O 9. Nxe6 fxe6 10. Bb3 Nd4 11. O-O Nxb3 12. axb3 Qe8 13. Bg5 Qg6 14. Qd2 h6
15. Bxf6 Bxf6 16. Qe2 Bg5 17. b4 Rf5 18. b5 Raf8 19. bxa6 bxa6 20. Rxa6 Bh4 21.
Nd1 Qg5 22. Ra3 Qg6 23. c4 Be7 24. Rc3 Rb8 25. Kh2 Qe8 26. Ne3 Rf8 27. Ra1 Qf7
28. Rc2 Ra8 29. Rxa8 Rxa8 30. b4 Rb8 31. b5 c6 32. bxc6 Rc8 33. Ra2 Rxc6 34.
Ra8+ Kh7 35. g3 Bg5 36. Kg2 Qb7 37. Rf8 Rb6 38. h4 Rb2 39. Qf3 Bxe3 40. Qxe3
Qe7 41. Qf3 Rb3 42. Rf7 Qe8 43. Qf6 Qg8 44. h5 Rb8 45. Qxe6 1-0

[Event "SR 4. liga A21 2013/2014"]
[Site "?"]
[Date "2014.02.09"]
[Round "8.2"]
[White "Diviak, Rudolf"]
[Black "Damborsky, Pavol"]
[Result "1-0"]
[WhiteElo "1797"]
[BlackElo "1836"]
[PlyCount "113"]
[EventDate "2013.??.??"]

1. e4 e5 2. Nf3 Nc6 3. Bb5 d6 4. c3 Bd7 5. Ba4 Nf6 6. d3 h6 7. O-O Be7 8. Nbd2
O-O 9. Re1 a6 10. Nf1 b5 11. Bb3 Na5 12. Bc2 c5 13. Ng3 Nc6 14. h3 Be6 15. Be3
Qc7 16. Qd2 Qd8 17. Rad1 Nh7 18. d4 cxd4 19. cxd4 exd4 20. Nxd4 Nxd4 21. Qxd4
Bf6 22. Qxd6 Qxd6 23. Rxd6 Bxb2 24. Bb3 Bxb3 25. axb3 Be5 26. Rc6 Nf6 27. f4
Bb2 28. Re2 Ba3 29. Ra2 b4 30. Bd4 Nh7 31. Nf5 Rfe8 32. e5 Nf8 33. Nd6 Re7 34.
Rac2 Ne6 35. Be3 a5 36. Rc8+ Rxc8 37. Rxc8+ Kh7 38. Ra8 Rc7 39. Nc4 Rd7 40. Kf2
Rd3 41. Nxa5 Bb2 42. Ke2 Rc3 43. Rb8 Ba3 44. Rb7 Nc7 45. Bd2 Rc5 46. Nc4 Kg6
47. Rb6+ Ne6 48. g4 Kh7 49. Be3 Rc7 50. Rb5 Rd7 51. Nd6 Rc7 52. f5 Nd8 53. Rc5
Rxc5 54. Bxc5 Kg8 55. Kd2 Bb2 56. Nc4 Nc6 57. Nxb2 1-0

[Event "SR 4. liga A21 2013/2014"]
[Site "?"]
[Date "2014.02.09"]
[Round "8.2"]
[White "Blanarik, Dominik"]
[Black "Buran, Andrej ml"]
[Result "1/2-1/2"]
[WhiteElo "1540"]
[BlackElo "1392"]
[PlyCount "35"]
[EventDate "2013.??.??"]

1. e4 e5 2. Nf3 Nc6 3. Bc4 Bc5 4. O-O d6 5. Nc3 Bd7 6. Nd5 Nf6 7. d3 a6 8. Be3
Bxe3 9. Nxe3 Qe7 10. Nh4 g6 11. f4 O-O-O 12. Qe1 Rdg8 13. fxe5 Nxe5 14. Nd5
Nxd5 15. Bxd5 Be6 16. Bxe6+ fxe6 17. Nf3 Nxf3+ 18. Rxf3 1/2-1/2

[Event "SR 4. liga A21 2013/2014"]
[Site "?"]
[Date "2014.02.09"]
[Round "8.2"]
[White "Ulehla, Jakub"]
[Black "Sprusansky, Ferdinand"]
[Result "1-0"]
[WhiteElo "1111"]
[BlackElo "1439"]
[PlyCount "29"]
[EventDate "2013.??.??"]

1. e4 e5 2. Nf3 Nc6 3. Bc4 Nf6 4. Ng5 d5 5. exd5 Nxd5 6. Nxf7 Kxf7 7. Qf3+ Ke6
8. Nc3 Ncb4 9. Qe4 c6 10. a3 b5 11. Bb3 Kf6 12. axb4 Nxc3 13. dxc3 Bf5 14.
Qxc6+ Be6 15. Qxe6# 1-0

[Event "SR 4. liga A21 2013/2014"]
[Site "?"]
[Date "2014.02.09"]
[Round "8.3"]
[White "Hirmajer, Jan"]
[Black "Lanik, Miroslav"]
[Result "1-0"]
[WhiteElo "1957"]
[BlackElo "1925"]
[PlyCount "87"]
[EventDate "2013.??.??"]

1. c4 e5 2. Nc3 Nf6 3. Nf3 Nc6 4. g3 d5 5. cxd5 Nxd5 6. Bg2 Be6 7. O-O f6 8.
Qb3 Na5 9. Qa4+ Nc6 10. a3 Qd7 11. Qb5 a6 12. Qa4 Nb6 13. Qc2 Be7 14. d3 Nd5
15. e4 Nxc3 16. bxc3 Bc5 17. Bb2 Rd8 18. d4 Bc4 19. dxc5 Bxf1 20. Bxf1 O-O 21.
Be2 Kh8 22. Bc1 Ne7 23. Be3 Qe6 24. Rb1 f5 25. exf5 Nxf5 26. Bg5 Rd7 27. Rb4 h6
28. Bc1 c6 29. Re4 Qf6 30. Rxe5 Rd5 31. Rxd5 cxd5 32. Bd3 Nxg3 33. hxg3 Qxf3
34. Be3 h5 35. Qe2 Qxe2 36. Bxe2 g6 37. Kf1 Kg7 38. Ke1 Kf7 39. Kd2 Re8 40. Bf3
Ke6 41. Kd3 Rd8 42. Kd4 Rd7 43. Bf4 Kf5 44. Bd6 1-0

[Event "SR 4. liga A21 2013/2014"]
[Site "?"]
[Date "2014.02.09"]
[Round "8.3"]
[White "Palka, Miroslav"]
[Black "Bjel, Lubos"]
[Result "1-0"]
[WhiteElo "1924"]
[BlackElo "1754"]
[PlyCount "85"]
[EventDate "2013.??.??"]

1. c4 e6 2. g3 b6 3. Bg2 Nc6 4. e4 Bb7 5. Ne2 Nf6 6. O-O Ne5 7. Qc2 Be7 8. d4
Ng6 9. e5 Bxg2 10. exf6 Bxf1 11. fxe7 Qxe7 12. Kxf1 O-O 13. b3 f5 14. Ba3 d6
15. f4 c5 16. Nbc3 Qb7 17. d5 e5 18. Qd2 Rae8 19. Re1 Re7 20. Ng1 a6 21. Nh3 h6
22. Bc1 b5 23. fxe5 dxe5 24. Kg1 Qd7 25. Qg2 e4 26. Be3 Ne5 27. Rd1 Nd3 28. Nf4
Nxf4 29. gxf4 Qd6 30. cxb5 Rf6 31. Qf2 Rc7 32. bxa6 Qxa6 33. Bxc5 Rg6+ 34. Kh1
Qc8 35. Qd4 Qe8 36. Qe3 Qd8 37. d6 Rf7 38. Rg1 Re6 39. Nd5 Qa8 40. Nc7 Rxc7 41.
dxc7 Kh7 42. Bd4 g6 43. Rc1 1-0